000 00752cam a2200229 4500
008 000000n1997 000 0 eng u
020 _a1902024001
035 _a(Sirsi) u110908
050 _a693.82
110 _aAbrahams Stollard Ltd
_94028
245 _aFire safety in residential care premises.
260 _aEpsom, Surrey
_bIBC
_c1997
300 _a21p. ; 30cm.
520 _aA good practice guide to fire safety in residential care premises in England and Wales.
650 _aMANAGEMENT-HEALTH AND SAFETY-FIRE SAFETY
650 _aFIRE PREVENTION
650 _aRISK ASSESSMENT
650 _aHEALTH AND SAFETY
_96244
690 _aBUILT ENVIRONMENT-BUILDING STANDARDS
710 _aInstitute of Building Control
_93341
942 _n0
999 _c101160
_d101160